01336nam a2200289 a 450000100100000000500170001000800410002702000180006804000250008608200160011110000270012724501370015426000540029130000210034549000150036650000730038150000750045450400320052959000260056170000280058770000300061583000210064595201290066695201140079595201200090999900170102900004841920201002061135.0190314s2017 dr r 000 0 spa d a9789945470567 aDO-SdBNPbspacBNPHU axxxxbT676v1 aTorcal, Mariano97583013aEl votante Dominicano :bciudadanos y elecciones en la República Dominicana /cMariano Torcal, Leticia M. Ruiz, Gerardo Maldonado. aSanto Domingo :bFUNGLODE;bCIDE;bFLACSO,c2017. a253 p. ;c23 cm.1 aPolítica aIncluye referencias bibliográficas y notas al pie de las páginas aIncluye datos biográficos de los autores en la solapa de la cubierta aBibliografía : p. 227-249 aInventariado, 2019/BT1 aRuiz, Leticia M.9758311 aMaldonado, Gerardo975832 0aPolítica92269 001054708DSaGRbGRcHDd2019-03-14iLF1l0oxxxx T676vp48419-30r2020-06-25te. 3w2020-06-25yLFDSZPréstamo en sala 0010718PDaPDbPDcHDd2019-03-14iLF1l0oxxxx T676vp48419-10r2020-06-25w2020-06-25yLFPDZNo se presta 0010718PDaPDbPDcHDd2019-03-14iLF1l0oxxxx T676vp48419-20r2020-06-25te. 2w2020-06-25yLFPDZNo se presta c47907d47907